000 01741nam2a22002891 4500
001 rc\144562
005 20260527122040.0
010 _a5-02-031248-7
_91120
035 _a(NLR Aleph) 008743188
090 _a9540395
_c9540395
100 _a20030307d1995 u |0rusy50 ca
101 0 _arus
102 _aRU
105 _aa |||||||||
200 1 _aПлазменная безмазутная растопка котлов и стабилизация горения пылеугольного факела
_f[М.Ф. Жуков, Е.И. Карпенко, В.С. Перегудов и др.]
_gОтв. ред.: д. т. н. В.Е. Мессерле, к. т. н. В.С. Перегудов
_g[Рос. акад. наук. Сиб. отд-ние. Ин-т теплофизики]
_g[Гл. ред. акад. М.Ф. Жуков]
210 _cСиб. издат. фирма
_d1995
215 _a304 с.
_cил.
300 _aРез. на англ. яз.
320 _aБиблиогр.: с. 287-301
461 0 _1001rc\144553
_12001#$aНИЗКОТЕМПЕРАТУРНАЯ плазма$f[Рос. акад. наук. Сиб. отд-ние, Ин-т теплофизики$gРедкол.: ...М.Ф. Жуков и др.]$v[Т.] 16
_97861678
_cНовосибирск
_d1992
_f[Рос. акад. наук. Сиб. отд-ние, Ин-т теплофизики
_nНаука. Сиб. отд-ние
_tНИЗКОТЕМПЕРАТУРНАЯ плазма
_v[Т.] 16
701 1 _7ca
_8rus
_aЖуков
_bМ. Ф.
_cд-р техн. наук, плазмодинамика
_f1917-1998
_gМихаил Федорович
_935600
_3RU\NLR\AUTH\7752667
801 0 _aRU
_bNLR
_gpsbo
801 1 _aRU
_bELAR
_2rusmarc
852 _aNLR
_j90-5/6111
942 _cBOOK
980 _aNB